000 00605nam a2200181Ia 4500
008 151018s9999 xx 000 0 und d
082 _bRBASDV8961
_a954
100 _aसदाशिव आठवले
245 _aशिवाजी आणि शिवयुग
250 _b1
260 _bअजब प्रकाशन
_c1971
300 _a208
600 _aसदाशिव आठवले
630 _aशिवाजी आणि शिवयुग
700 _aसदाशिव आठवले
730 _aशिवाजी आणि शिवयुग
942 _cBOOK
999 _c1011325
_d1011322